000 02250cam a22004454i 4500
003 PE-LiUPU
005 20250731173431.0
008 150616s r 000 0 d
035 _a(Sirsi) a522
040 _aPE-LiUPU
_bspa
_cPE-LiUPU
_erda
049 _aPRUA
082 0 4 _a272
_bVin73
_221
100 1 _aVinaixa, J. Jorge,
_eautor.
245 1 0 _aHistoria de la inquisición: su influencia política, social y religiosa en España /
_cJ. Jorge Vinaixa.
264 1 _aBarcelona :
_bEditorial B. Bauzá,
_c1932.
300 _a344 páginas :
_bilustraciones ;
_c20 cm
336 _atext
_2rdacontent
337 _aunmediated
_2rdamedia
338 _avolume
_2rdacarrier
505 0 _aLa inquisición antigua: -Origen de la inquisición -- El papado se erige en poder temporal soberano -- Los albigenses -- Ramón VII, conde de Tolosa -- Domingo de Guzman y su obra inquisitorial -- Jaime I el conquistador -- Crímenes en que entendía la inquisición antigua -- La inquisición moderna: -Autonomía de la inquisición -- La inquisición en Aragón -- Los judíos en España -- Los hebreos en la conquista de Granada -- La terrible obra de Torquemada -- Diego de Deza, segundo inquisidor -- El cardenal Jiménez de Cisneros -- Decadencia y fin de la inquisición: -Los Borbones -- Los francmasonería -- Carta de un obispo revolucionario, demócrata y liberal a un inquisidor -- Napoleón suprime la inquisición -- La obra del despotismo -- Goya y la inquisición.
526 _aSEG42
526 _aSEG41
526 _aSEG40
526 _aSEG39
526 _aP94
526 _aP87
526 _aP86
526 _aP85
526 _aP77
526 _aP76
526 _aP35
650 0 4 _aInquisición
_zEspaña
_xHistoria .
910 _ajck
_bjvq
_cjck
942 _2ddc
_cBOOK
949 _a272 Vin73
_wDEWEY
_c1
_i10985
_lCCODEBUL1
_mBUL
_p00.00
_r0
_sY
_tBOOK
_u19921125
_xTEOLOGIA
_zUNKNOWN
_0COMPRA
_o.STAFF. Colección General
994 _aC0
_bPEPRU
596 _a1
999 _a272 VIN73
_wDEWEY
_c54805
_i10985
_d54805
_e2019-5-20
_f2021-11-12
_g5
_lCCODEBUL1
_mBUL
_n1
_q1
_r0
_sY
_tBOOK
_u2015-6-16
_xTEOLOGIA
_zUNKNOWN
_0COMPRA
_o.STAFF. Colección General
980 _81
_gALBERTO SANCHEZ Responsable de Automatización